00731nam a2200241Ia 4500008004000000020001500040041000800055082001500063100001900078245004400097260004000141300001000181650000800191650001500199650000700214650001300221650001300234650000800247690002100255906001100276999001900287952018300306210210b2009 xxu||||| |||| 00| 0 eng d a8174876138 aeng a320.8 PRAF aPRASAD (Kedar) aFactions and dynamics in panchayati raj aNew DelhibRadha Publicationsc2009 av,160 araj apanchayati ain aFactions adynamics aand aLocal Government a064255 c140284d140284 001040708Political ScienceaALbALcPolitical Scienced2021-02-17eShri Krishna Sahitya Sansthan, New Delhig400.00l0o320.8 PRAFp064255r2021-02-17 00:00:00w2021-02-17yBK